Urbanización y edificaciones : revista técnica mensual revista técnica mensual
Descripción Física:
volums : periodicitat mensual, il·lustracions, plànols ; 29 cm
Idioma:
Español
MARC
| LEADER | 00000nas a2200000 a 4500 | ||
|---|---|---|---|
| 001 | 29020 | ||
| 003 | AGDB | ||
| 005 | 20260324180555.0 | ||
| 008 | 160829s1924- xx 000 0 cat d | ||
| 008 | 160829s9999 xx 000 0 cat d | ||
| 041 | |a spa | ||
| 080 | |a Revistes | ||
| 245 | |a Urbanización y edificaciones : |b revista técnica mensual | ||
| 260 | |a València : |b Imp. J. López Larcada, |c 1924- | ||
| 300 | |a volums : |b periodicitat mensual, il·lustracions, plànols ; |c 29 cm | ||
| 362 | |a Año 1, no. 1 (enero 1924)- | ||
| 590 | |a Mensual. | ||
| 650 | |a Planejament urbà |x Revistes |x València |9 49033 | ||
| 650 | 0 | |a Urbanisme |v Revistes |9 11516 | |
| 866 | |a Any 1, 1924 (1, 2, 3, 4, 5) | ||
| 901 | |a Arxiu | ||
| 942 | |n 1 |2 udc |c ARXIU | ||
| 952 | |0 0 |1 0 |2 udc |4 0 |6 REV2395 |7 1 |9 55047 |a Arxiu |b Arxiu |d 2012-08-31 |h Núm. 1-5 (1924) |l 0 |o Rev-2395 |p 29020 |r 2016-12-01 00:00:00 |w 2016-12-01 |y ARXIU | ||
| 999 | |c 58917 |d 58917 | ||